| 000 | 00770nam a2200229 a 4500 | ||
|---|---|---|---|
| 001 | 000025373 | ||
| 003 | DO-SdBNP | ||
| 005 | 20160920154440.0 | ||
| 007 | 000025373 | ||
| 008 | 110215s2001 dr a 000 0 spa d | ||
| 020 | _a9780461651 | ||
| 040 |
_aBPMET _bspa _cBPMET |
||
| 100 | 1 | _aCollins de Colado, Mary | |
| 245 | 1 | 0 |
_aGuay, ay ay ay _bLa vez que las mariposas se convirtieron en rosas / _cMary Collins de Collado ; ilustración Ramiro Manzano, Nidia Serra. |
| 260 |
_aSanto Domingo : _bEditorial Norma _c2001. |
||
| 300 |
_a55 p. : _bil. ; _c19 cm. |
||
| 500 | _aIncluye datos biográficos de la autora en la contracubierta | ||
| 700 | 1 |
_aSerra, Nidia _eil. |
|
| 700 | 1 |
_aManzano, Ramiro _eil. |
|
| 942 |
_2ddc _cBK |
||
| 956 |
_aVMATEO _b10 _c20110216 _lBPMSU _h0069 |
||
| 999 |
_c7374 _d7374 |
||